000
00212nam a2200097 a 4500
005
20200930062955.0
008
110627s2004 000 spa d
245
0
_a
Historia.
260
_c
[s.f.].
999
_c
30991
_d
30991
040
_a
DO-SdBNP